MDQL
is popping MORE tags! Check the
thread
!
Quizzes
Events
Quiz Creation
Community
Videos
Private Events
Remove Ads
Sign In
Join for FREE
Feedback
Dark Mode
Quiz Categories
Sports
Geography
Music
Movies
Television
Just For Fun
Miscellaneous
History
Literature
Language
Science
Gaming
Entertainment
Religion
Holiday
For Kids
Quiz Lab
Recent
Popular Today
Quiz Kudos Today
Editor Picks
Curator Picks
Quizzes by...
Day
Popularity
Type
Ratings
Length
Year
Community
Subscriptions
Recent Discussions
Orange Saloon
Badges
Playlists
Quests
Create
Leaderboards
Showdown
Live 5
Trivia Bingo
Activity
Puzzle Library
Sporcle Events
Private Events
Virtual Trivia
Globe League
Become a Host
Pub Owners
SporcleCon
Opinionation
Our Games
Videos
Blog
Mobile Apps
Partnerships
Remove Ads and Go Orange
Feedback
Geography
Country
Landmarks
City
State
Population
World
Capital
Continent
Flags
Europe
Africa
Asia
South America
North America
Oceania
Border
Canada
United Kingdom
Topography
United States
Geography
Country
Landmarks
City
State
Population
World
Capital
Continent
Flags
Europe
Africa
Asia
South America
North America
Oceania
Border
Canada
United Kingdom
Topography
United States
Random Quiz
Search Sporcle
×
Quiz Lab
Quiz Lab
Geography
Country
Type in answers that appear in a list
Type in answers that appear in a list
Classic
Best Score? Go Orange.
Countries with most islands over 2500km^2 Stats
Can you name the countries with most islands over 2500km^2?
By
threelovemonkeys
6m
19 Questions
918 Plays
918 Plays
918 Plays
Comments
Comments
Give Quiz Kudos
Give Quiz Kudos
-
- Ratings
hide this ad
More Info
Replay
Link that replays current quiz
Next Quiz
Link to next quiz in quiz playlist
You Got
0%
They Got
Avg Score
82%
Avg Friend Score
Upgrade to see
Score Distribution
Jump to the score distribution portion of the page
Score
0/19
Timer
06:00
0
Plays Today
Order
Country
% Correct
=3
United States 14
97.4%
2
Indonesia 27
96.5%
=8
Japan 4
95.5%
1
Canada 32
95.2%
=8
United Kingdom (including overseas) 4
93.8%
=3
Russia 14
92.5%
=9
Australia 3
90.6%
=10
New Zealand 2
89.3%
5
Denmark (including Greenland) 7
88.3%
=8
France (including overseas) 4
88.3%
Order
Country
% Correct
4
Philippines 11
85.3%
=9
Norway 3
83%
=10
Italy 2
82.7%
=10
Greece 2
81%
=8
Brazil 4
78.4%
6
Chile 6
77.5%
=8
Papua New Guinea 4
63.8%
=10
Fiji 2
46.2%
7
Solomon Islands 5
44.6%
Quiz Playlist
Details
Report
Send in Message
Add To Playlist
More Info:
Only islands over 2,500km are included. Antarctic islands are not included. Countries that occupy any part of an island over 2,500km^2 are included.
Classic:
Type in answers that appear in a list
Last Updated: Feb 16, 2017
Quiz Scoreboard
CHALLENGE
Sign Up to Join the Scoreboard
Show All
Scores
Hide
Comments
May contain spoilers
Recently Published
Find the 'City' Movie
by crazypaving
Movies
60s
5x2 Blitz: Bands
by SL_Kpop136
Music
30s
Colored Red Africa Blitz
by spor1
Geography
30s
More to Explore
Quiz From the Vault
Featured Blog Post
14 Easter Pick-up Lines to Find Eggs With
hide this ad
You Might Also Like...
Tags
Country Quiz
island
Order
Today's Top Quizzes in Geography
Browse Geography
hide this ad
Today's Top Quizzes in Country
Browse Country
Top Contributed Quizzes in Geography
1
Countries of the World - No Outlines Minefield
2
Colored Red Europe Blitz I
3
Colored Red Africa Blitz II
4
Colored Red Europe Blitz II
5
Colored Red Europe Blitz III
6
Colored Red Africa Blitz III
7
Colored Red States Blitz I
8
Colored Red States Blitz II
9
Colored Red States Blitz III
10
Blind Secret Country CLXXXIX
Explore More
Trending Topics
Anime
NBA
Disney
Crossword
Kpop
Harry Potter
Marvel
Country
Pokémon
Puzzle
Soccer
The Office
WWE
NFL
Song
hide this ad
More By:
threelovemonkeys
Quiz
Plays
Rating
Category
Featured
Created
Countries of Closest Mainland
1,653
3.90
Geography
Nov 28, 2009
countries using cyrillic
1,010
3.47
Geography
Jan 26, 2010
Countries with most islands over 2500km^2
918
4.25
Geography
Dec 23, 2009
Largest city on river
763
3.92
Geography
Nov 29, 2009
Living fossils
138
4.67
Science
Jan 6, 2010
Go to Creator's Profile
Score Distribution
Quiz Creator Spotlight
threelovemonkeys
Follow
Send a Message
Quizzes Created
-
Created Quiz Play Count
-
More By This Creator
Popular Quizzes Today
1
Find the 'City' Movie
2
Colored Red Africa Blitz
3
5x2 Blitz: Bands
4
Find the US States - No Outlines Minefield
5
The Countries of the World
6
Find the US States
7
US States
8
9x9 Crossword: Cartoon Network
More Geography Quizzes
Second 'L' Countries
Published
Trending Quizzes
Colored Red Europe Blitz I
Colored Red Africa Blitz II
Colored Red Europe Blitz II
Colored Red Europe Blitz III
Colored Red Africa Blitz III
Recently Updated
Famous TV Couples
Peacemaker
Champions League XIs: Real Madrid
pecheneg
Largest US Cities 1790-2010
pecheneg
Rides in Walt Disney World
pecheneg
Most Oscar Losses (Acting)
pecheneg
Beyoncé Albums
pecheneg
Leaping Animals
pecheneg
Reality TV Shows (A-Z)
bhenderson79
Rickey Henderson's Hall of Fame Teammates
pecheneg
Champions League XIs: Arsenal
pecheneg
Trending Topics
Kpop
Crossword
Anime
Harry Potter
NBA
Disney
Marvel
Pokémon
WWE
Puzzle
The Office
NFL
Song
Soccer
Country
Your Account Isn't Verified!
In order to create a playlist on Sporcle, you need to verify the email address you used during registration. Go to your
Sporcle Settings
to finish the process.
Report this User
Report this user for behavior that violates our
Community Guidelines
.
Details:
Send Report
Go to the Sporcle.com Mobile Site →
Comments